Länder Europas nach Fläche (absteigende Reihenfolge) - Statistiken

Allgemein
  • Dieses Quiz wurde 63 mal gespielt
    61 seit der letzten Aktualisierung
  • Das Durchschnittsergebnis liegt bei 23 aus 43
Antwortstatistiken
Hint Antwort % Korrekt
17'098'242 km² Russland
100%
643'801 km² Frankreich
80%
450'295 km² Schweden
80%
603'550 km² Ukraine
80%
505'370 km² Spanien
76%
357'022 km² Deutschland
71%
2'209'180 km² Dänemark
69%
338'145 km² Finnland
69%
323'802 km² Norwegen
69%
312'685 km² Polen
69%
301'340 km² Italien
64%
243'610 km² Grossbritannien
60%
160 km² Liechtenstein
58%
238'391 km² Rumänien
56%
61 km² San Marino
56%
207'600 km² Belarus
53%
2'586 km² Luxemburg
53%
468 km² Andorra
51%
131'957 km² Griechenland
51%
93'028 km² Ungarn
51%
110'879 km² Bulgarien
49%
2 km² Monaco
49%
78'867 km² Tschechien
49%
83'871 km² Österreich
47%
77'474 km² Serbien
47%
103'000 km² Island
44%
56'594 km² Kroatien
44%
92'090 km² Portugal
44%
41'277 km² Schweiz
44%
45'228 km² Estland
42%
65'300 km² Litauen
42%
316 km² Malta
42%
49'035 km² Slowakei
42%
30'528 km² Belgien
40%
51'197 km² Bosnien und Herzegowina
40%
70'273 km² Irland
40%
64'589 km² Lettland
40%
13'812 km² Montenegro
40%
41'543 km² Niederlande
40%
20'273 km² Slowenien
40%
25'713 km² Nordmazedonien
33%
28'748 km² Albanien
31%
33'851 km² Moldau
27%
Keine übereinstimmenden Quizze gefunden
Verteilung der Resultate
Anzahl Personen mit jedem Resultat
Perzentil nach korrekt beantworteten Fragen
Ihre Resultats-Entwicklung
Sie haben dieses Quiz seit der letzten Aktualisierung nicht gespielt